000 00230nam a22000857a 4500
008 170607b xxu||||| |||| 00| 0 eng d
100 _93302
_aChandavarkr. S
245 _aThe littlest Wave
260 _aNew Delhi
_bNational Book Trust
_c2003
999 _c6619
_d6619